000 00399 a2200109 4500
001 ART_51133
005 20260410161810.0
008 260409a
245 1 0 _aLa historia del Estado Argentino como gestor de crisis empresarias. El caso "Vicentin SA s/concurso preventivo"
100 1 _aDasso, Ariel G.
773 0 _tDoctrina Societaria y Concursal
_g- N° 392 (jul. 2020)
_wREV4298
999 _c21373
_d21373